000 00426nam a22001817a 4500
999 _c6389
_d6387
005 20210904104004.0
008 200521b xxu||||| |||| 00| 0 eng d
020 _a9789396456988
041 _aeng
082 _a340.52 KES
100 _aKesari, Dr. U P D
_96869
245 _aModern Hindu Law
250 _a11'th
260 _aAllahabad
_bCentral Law Agency
_c2018
300 _a628p.
650 _aLAW
_95701
942 _cBK